| 000 | 00684cam a22002412a 4500 | ||
|---|---|---|---|
| 999 |
_c34920 _d34920 |
||
| 001 | 005810 | ||
| 003 | AR-FADEU | ||
| 005 | 20220411110934.0 | ||
| 008 | 311216n1984####xxu####################dd | ||
| 020 | _a978-84-9867-785-0 | ||
| 040 | _cBiblioteca Ernesto Sábato | ||
| 092 |
_a001.4 _bB928 _eJLS |
||
| 100 | _aBrockman, Max ed | ||
| 245 | _aLa ciencia del futuro. Los mejores investigadores del siglo XXI reflexionan sobre los nuevos desafíos de la ciencia | ||
| 260 | _aBarcelona | ||
| 260 | _bRBA libros | ||
| 260 | _c2009 | ||
| 300 | _a265 p | ||
| 440 | _aRBA divulgación | ||
| 650 | _aCIENCIA-INVESTIGACIONES- SIGLO XXI | ||
| 650 | _aJLS | ||
| 942 |
_cJLS _2ddc |
||